Statistics for Eastern European Countries by HDI

Click here to take the quiz!

General Stats

  • This quiz has been taken 47 times
  • The average score is 20 of 22

Answer Stats

HDICountry-% Correct
0.887EstoniaE
98%
0.854LatviaL
98%
0.872LithuaniaL
98%
0.902SloveniaS
98%
0.869GreeceG
95%
0.875PolandP
95%
0.857SlovakiaS
95%
0.745UkraineU
95%
0.791AlbaniaA
93%
0.891Czech RepublicC
93%
0.753KosovoK
93%
0.819BelarusB
91%
0.815BulgariaB
91%
0.837CroatiaC
91%
0.847HungaryH
91%
0.817RomaniaR
91%
0.799SerbiaS
91%
0.769Bosnia and HerzegovinaB
88%
0.711MoldovaM
88%
0.812MontenegroM
88%
0.759North MacedoniaN
86%
0.824RussiaR
84%

Score Distribution

Percentile by Number Answered

Percent of People with Each Score

Your Score History

You have not taken this quiz